Mulabhuta arthashstra II (Record no. 223197)
[ view plain ]
| 000 -LEADER | |
|---|---|
| fixed length control field | 01377nam a22002417a 4500 |
| 005 - DATE AND TIME OF LATEST TRANSACTION | |
| control field | 20260227091843.0 |
| 008 - FIXED-LENGTH DATA ELEMENTS--GENERAL INFORMATION | |
| fixed length control field | 220601b ||||| |||| 00| 0 eng d |
| 020 ## - INTERNATIONAL STANDARD BOOK NUMBER | |
| International Standard Book Number | 9789355063328 |
| 040 ## - CATALOGING SOURCE | |
| Transcribing agency | Aloy |
| 041 ## - LANGUAGE CODE | |
| Language code of text/sound track or separate title | kan |
| 082 ## - DEWEY DECIMAL CLASSIFICATION NUMBER | |
| Edition number | 23 |
| Classification number | 330K |
| Item number | 075862 |
| 100 ## - MAIN ENTRY--PERSONAL NAME | |
| Personal name | V B Hans |
| 100 ## - MAIN ENTRY--PERSONAL NAME | |
| 9 (RLIN) | 256974 |
| 100 ## - MAIN ENTRY--PERSONAL NAME | |
| 9 (RLIN) | 41936 |
| Dates associated with a name | ವಿ ಬಿ ಹ್ಯಾನ್ಸ್ |
| 245 ## - TITLE STATEMENT | |
| Title | Mulabhuta arthashstra II |
| Remainder of title | : ಮೂಲಭೂತ ಅರ್ಥಶಾಸ್ತ್ರ II |
| 260 ## - PUBLICATION, DISTRIBUTION, ETC. | |
| Place of publication, distribution, etc. | Bengaluru |
| Name of publisher, distributor, etc. | HSRA Prakashana |
| Date of publication, distribution, etc. | 2022 |
| 300 ## - PHYSICAL DESCRIPTION | |
| Extent | ix,164p |
| Other physical details | PB |
| Dimensions | 20x14cm |
| 365 ## - TRADE PRICE | |
| Source of price type code | Economics |
| Price type code | 1337 |
| Price amount | 159.20 |
| Currency code | ₹ |
| Unit of pricing | 199.00 |
| Price note | 20% |
| Price effective from | 31-05-2022 |
| 520 ## - SUMMARY, ETC. | |
| Summary, etc. | ಪರಿವಿಡಿ:<br/>ಮ್ಯಾಕ್ರೋ ಆರ್ಥಿಕ ಮಾದರಿ <br/>ಹಣದ ಬೇಡಿಕೆ ಮತ್ತು ಪೂರೈಕೆ <br/>ಹಣದುಬ್ಬರ <br/>ಸ್ಥೂಲ ಆರ್ಥಿಕ ಸವಾಲುಗಳು <br/>ವಿತ್ತೀಯ ನೀತಿ <br/>ಹಣಕಾಸಿನ ನೀತಿ <br/>ಬಡತನ ಮತ್ತು ಸಾರ್ವಜನಿಕ ನೀತಿ <br/>ಅಂತಾರಾಷ್ಟ್ರೀಯ ವ್ಯಾಪಾರದ ಪರಿಕಲ್ಪನೆಗಳು ಮತ್ತು ಸಿದ್ಧಾಂತಗಳು <br/>ಜಾಗತೀಕರಣ <br/> |
| 650 ## - SUBJECT ADDED ENTRY--TOPICAL TERM | |
| Topical term or geographic name entry element | Basic Economics |
| 9 (RLIN) | 40007 |
| 650 ## - SUBJECT ADDED ENTRY--TOPICAL TERM | |
| Topical term or geographic name entry element | NEP: ಎನ್ ಯಿ ಪಿ |
| 9 (RLIN) | 40008 |
| 650 ## - SUBJECT ADDED ENTRY--TOPICAL TERM | |
| Topical term or geographic name entry element | II Semester BA: II ಸೆಮಿಸ್ಟರ್ ಬಿಎ |
| 9 (RLIN) | 40009 |
| 942 ## - ADDED ENTRY ELEMENTS (KOHA) | |
| Source of classification or shelving scheme | Dewey Decimal Classification |
| Koha item type | Book |
| Withdrawn status | Lost status | Source of classification or shelving scheme | Damaged status | Not for loan | Collection code | Home library | Current library | Date acquired | Source of acquisition | Cost, normal purchase price | Total Checkouts | Full call number | Barcode | Date last seen | Cost, replacement price | Price effective from | Koha item type |
|---|---|---|---|---|---|---|---|---|---|---|---|---|---|---|---|---|---|
| Dewey Decimal Classification | Economics | St Aloysius Library | St Aloysius Library | 05/31/2022 | Biblios Book Point Surathkal Mangalore 575014 | 159.00 | 330K HANM | 075862 | 06/01/2022 | 199.00 | 06/01/2022 | Book | |||||
| Dewey Decimal Classification | Economics | St Aloysius Library | St Aloysius Library | 05/31/2022 | Biblios Book Point Surathkal Mangalore 575014 | 159.00 | 330K HANM | 075863 | 06/01/2022 | 199.00 | 06/01/2022 | Book |